000 00541nam a2200205Ia 4500
005 20250923150138.0
008 008 250917s9999 xx 000 0 eng d
037 _aTextual
040 _aDSWL
_beng
_cDSWL
041 _aeng
_2eng
084 _qDSWL
100 _aJordan, K K
_9842743
245 0 _aFrom sacred servant to profane prostitute
_c by K K Jordan
260 _aNew Delhi
_b Manohar Publications India
_c2003
300 _a184p.
365 _aINR
_b500
925 _g500
942 _cTEXL
999 _c1460069
_d1460069